فهـرس مكتبـة معهد التخطيـط Institute of National Planning Catalog

Democratizing The Global Economy : (رقم التسجيلة. 13550)

تفاصيل مارك
000 -LEADER
fixed length control field 00748nam a22002417a 4500
005 - DATE AND TIME OF LATEST TRANSACTION
control field 20260622100112.0
008 - FIXED-LENGTH DATA ELEMENTS--GENERAL INFORMATION
fixed length control field 180906b2003 uk ||||fr|||| 00| 0 eng d
020 ## - INTERNATIONAL STANDARD BOOK NUMBER
International Standard Book Number 0902683586
040 ## - CATALOGING SOURCE
Original cataloging agency EG-INP
Transcribing agency EG-INP
Language of cataloging eng
082 04 - DEWEY DECIMAL CLASSIFICATION NUMBER
Edition number 21
Classification number 341.75
Item number d e
245 00 - TITLE STATEMENT
Title Democratizing The Global Economy :
Remainder of title The Role Of Civil Society.
260 ## - PUBLICATION, DISTRIBUTION, ETC.
Place of publication, distribution, etc. London :
Name of publisher, distributor, etc. University of Warwick,
Date of publication, distribution, etc. 2003.
300 ## - PHYSICAL DESCRIPTION
Extent 104 p. ;
Dimensions 30 cm.
500 ## - GENERAL NOTE
General note includes appendixes.
650 #7 - SUBJECT ADDED ENTRY--TOPICAL TERM
Source of heading or term qrmak
Topical term or geographic name entry element foreign investment.
9 (RLIN) 3892
650 #7 - SUBJECT ADDED ENTRY--TOPICAL TERM
Source of heading or term qrmak
Topical term or geographic name entry element International Economy.
9 (RLIN) 1824
650 #7 - SUBJECT ADDED ENTRY--TOPICAL TERM
Source of heading or term qrmak
Topical term or geographic name entry element International economic relations.
9 (RLIN) 1823
700 1# - ADDED ENTRY--PERSONAL NAME
Personal name Abou Zeid, Ola,
Titles and other words associated with a name translator.
901 ## - Cataloger Code
a EGPV31
902 ## - Reviwer Code
a EGPV10
903 ## - original or copycat
a original
942 ## - ADDED ENTRY ELEMENTS (KOHA)
Source of classification or shelving scheme Dewey Decimal Classification
Koha item type كتاب
المقتنيات
Withdrawn status Lost status Source of classification or shelving scheme Damaged status Not for loan Collection code Home library Current library Shelving location Date acquired Total Checkouts Full call number Barcode Date last seen Price effective from Koha item type
    Dewey Decimal Classification     EN Book Library INP Library INP Main Reading Hall 06/09/2018   341.75 d e 013601 28/03/2022 06/09/2018 كتاب